Fiscal reform and development needs in Colombia / (Registro nro. 7642)

Detalles MARC
000 -LEADER
fixed length control field 01425nam a2200217Ia 4500
003 - CONTROL NUMBER IDENTIFIER
control field OSt
005 - DATE AND TIME OF LATEST TRANSACTION
control field 20210513103953.0
008 - FIXED-LENGTH DATA ELEMENTS--GENERAL INFORMATION
fixed length control field 210310s1962 ck fr 000 0 eng d
040 ## - CATALOGING SOURCE
Original cataloging agency CO-JMCR
Transcribing agency CO-JMCR
041 0# - LANGUAGE CODE
Language code of text/sound track or separate title eng
082 04 - DEWEY DECIMAL CLASSIFICATION NUMBER
Classification number 336.205 /
Item number T238f
Edition number 23
100 1# - MAIN ENTRY--PERSONAL NAME
Personal name Taylor, Milton C.,
9 (RLIN) 15028
Relator term director
245 #0 - TITLE STATEMENT
Title Fiscal reform and development needs in Colombia /
Statement of responsibility, etc. Milton C. Taylor
260 ## - PUBLICATION, DISTRIBUTION, ETC.
Place of publication, distribution, etc. [Bogotá] :
Name of publisher, distributor, etc. OEA : Banco Interamericano de Desarrollo,
Date of publication, distribution, etc. 1962
300 ## - PHYSICAL DESCRIPTION
Extent [622] páginas ;
Dimensions 29 cm.
500 ## - GENERAL NOTE
General note "This is a preliminary draft which should not be quited or transcribed"--portada
505 0# - FORMATTED CONTENTS NOTE
Formatted contents note Colombia´s fiscal problems and proposals for reforma -- The income and complementary taxes: statutory provisions, revenue productivity, characteristics of taxpayers -- General considerations bearing on the taxartion of corporations and kimited lianbility companies in Colombia -- The income and complementary taxes: general considerations -- The income and complementary taxes: techical issues: administration, and recomnedations -- Inheritance and gift taxation -- The taxation of the agricultural industry -- Urban real property taxation -- Revenues from Foreign commerce -- Tariffs and development -- Internal indiret taxes -- The incidence of the tax system -- The autonomous agencies
650 14 - SUBJECT ADDED ENTRY--TOPICAL TERM
Topical term or geographic name entry element Reforma fiscal
9 (RLIN) 15030
Geographic subdivision Colombia
650 14 - SUBJECT ADDED ENTRY--TOPICAL TERM
Topical term or geographic name entry element Desarrollo fiscal
Geographic subdivision Colombia
9 (RLIN) 37588
942 ## - ADDED ENTRY ELEMENTS (KOHA)
Source of classification or shelving scheme Dewey Decimal Classification
Koha item type Books
Existencias
Withdrawn status Lost status Source of classification or shelving scheme Damaged status Not for loan Collection code Home library Current library Date acquired Source of acquisition Full call number Barcode Date last seen Copy number Koha item type
    Dewey Decimal Classification     Non-fiction Biblioteca Pública José María del Castillo y Rada Biblioteca Pública José María del Castillo y Rada 04/15/2018 Donación 336.205 / T238f 430003400 05/16/2024 Ej.1 Books